Can You Type the Alphabet in 15 seconds? - Statistics

General Stats
  • This quiz has been taken 141 times
  • The average score is 23 of 26
Answer Stats
Letter % Correct
A
98%
E
97%
Q
94%
C
92%
D
92%
B
90%
F
90%
H
90%
I
90%
K
90%
S
90%
G
89%
J
89%
R
89%
L
87%
M
87%
O
87%
U
87%
W
87%
P
85%
T
85%
Y
85%
N
84%
V
84%
X
82%
Z
82%
No matching quizzes found
Score Distribution
Percent of People with Each Score
Percentile by Number Answered
Your Score History
You have not taken this quiz